| 000 | 00535nam a2200181 a 4500 | ||
|---|---|---|---|
| 005 | 20140310183501.0 | ||
| 008 | 100224s19uu xx 00 eng d | ||
| 020 | _a9781416609407 | ||
| 050 |
_aLB 2806.15 _b.C6915 2010 |
||
| 245 |
_aCurriculum 21 : _bessential education for a changing world / _cedited by Heidi Hayes Jacobs. |
||
| 260 |
_aU.S.A : _bASCD, _c2010. |
||
| 300 |
_a251 p. : _c23 cm. |
||
| 521 | _aEDU | ||
| 650 | _aCurriculum planning. | ||
| 650 | _aEducational technology. | ||
| 942 |
_cBK _2lcc _kFOR |
||
| 999 |
_c23888 _d23888 |
||